{"text_format":"3","workbook":"xls","n_sheets":3,"sheets":["Sheet1","Sheet2","Sheet3"],"read":"whole","date_system":"1900","formulas":"cached_only"}

{"sheet":"Sheet1","index":0,"n_rows":111,"n_cols":11,"rows_kept":111,"merged":[[0,0,0,8],[1,0,1,1],[1,2,1,5],[1,6,1,8],[2,0,3,0],[2,1,3,2],[2,3,3,3],[2,4,3,4],[2,5,3,5],[2,6,3,6],[2,7,2,8],[2,9,2,10],[4,1,4,2],[4,3,4,4],[5,1,5,2],[6,1,6,2],[7,1,7,2],[8,1,8,2],[9,1,9,2],[10,1,10,2],[11,1,11,2],[12,1,12,2],[13,1,13,2],[14,1,14,2],[15,1,15,2],[16,1,16,2],[17,1,17,2],[18,1,18,2],[19,1,19,2],[19,3,19,4],[20,1,20,2],[21,1,21,2],[22,1,22,2],[23,1,23,2],[24,1,24,2],[25,1,25,2],[26,1,26,2],[27,1,27,2],[28,1,28,2],[29,1,29,2],[29,3,29,4],[30,1,30,2],[31,1,31,2],[32,1,32,2],[33,1,33,2],[34,1,34,2],[35,1,35,2],[36,1,36,2],[37,1,37,2],[38,1,38,2],[39,1,39,2],[40,1,40,2],[41,1,41,2],[42,1,42,2],[43,1,43,2],[44,1,44,2],[45,1,45,2],[46,1,46,2],[46,3,46,4],[47,1,47,2],[48,1,48,2],[49,1,49,2],[50,1,50,2],[51,1,51,2],[52,1,52,2],[53,1,53,2],[54,1,54,2],[55,1,55,2],[56,1,56,2],[57,1,57,2],[58,1,58,2],[59,1,59,2],[60,1,60,2],[61,1,61,2],[62,1,62,2],[63,1,63,2],[64,1,64,2],[65,1,65,2],[66,1,66,2],[67,1,67,2],[68,1,68,2],[69,1,69,2],[70,1,70,2],[71,1,71,2],[72,1,72,2],[73,1,73,2],[74,1,74,2],[75,1,75,2],[76,1,76,2],[77,1,77,2],[78,1,78,2],[79,1,79,2],[80,1,80,2],[81,1,81,2],[82,1,82,2],[83,1,83,2],[84,1,84,2],[85,1,85,2],[86,1,86,2],[87,1,87,2],[87,3,87,4],[88,1,88,2],[89,1,89,2],[90,1,90,2],[91,1,91,2],[92,1,92,2],[93,1,93,2],[94,1,94,2],[95,1,95,2],[96,1,96,2],[97,1,97,2],[98,1,98,2],[99,1,99,2],[100,1,100,2],[101,1,101,2],[101,3,101,4],[102,1,102,2],[103,1,103,2],[104,1,104,2],[105,1,105,2],[106,1,106,2],[107,1,107,2],[108,1,108,2],[109,1,109,2],[110,0,110,8]],"flags":["formulas_cached_only"]}
["招标清单"]
["工程名称：",null,"储备精装修装饰工程",{"$nulls":3},"标段：劳务部分"]
["序号"," 项目编码 ",null,"项目名称","项目特征描述","计量\r\n单位","工程量","控制价（不含税）",null,"报价（不含税）"]
[{"$nulls":7},"单价","合价","单价","合价"]
[" "," ",null,"土建部分 ",null," "," "," "," "]
["1","010401001001",null,"卫生间钢结构隔墙直行砖基座","1.砖品种、规格、强度等级 M7.5Q墙体\r\n2.基础类型3砂浆强度等级 \r\n4.防潮层材料种类","m3","2.12","381.37",{"v":808.5044,"d":"808.50"}]
["2","010401001001",null,"卫生间钢结构隔墙弧形行基座","1.砖品种、规格、强度等级 M7.5Q墙体\r\n2.基础类型3砂浆强度等级 \r\n4.防潮层材料种类","m3","2.12","458.82",{"v":972.6984,"d":"972.70"}]
["3","011210006001",null,"卫生间钢结构基层水泥压力板弧形饰面基层","1.骨架、边框材料种类、规格  镀锌钢材\r\n2.隔板材料品种、规格、颜色 水泥压力板  弧形门洞\r\n3.嵌缝、塞口材料品种 \r\n4.展开面积计算","m2","170.04","110.02",{"v":18707.800799999997,"d":"18707.80"}]
["4","010401003001",null,"实心砖墙","1.砖品种、规格、强度等级 标砖砌体墙面\r\n2.墙体类型 隔墙M7.5\r\n3.砂浆强度等级、配合比综合","m3","72.96","300.77",{"v":21944.179199999995,"d":"21944.18"}]
["5","011201001001",null,"墙面一般抹灰","1.墙体类型 综合\r\n2.底层厚度、砂浆配合比  1;2.5水泥砂浆 厚度20mm\r\n3.面层厚度、砂浆配合比 \r\n4.装饰面材料种类 \r\n5.分格缝宽度、材料种类","m2","641.3",{"v":18,"d":"18.00"},{"v":11543.4,"d":"11543.40"}]
["6","010514002001",null,"预制混凝土门窗过梁","1.单件体积 \r\n2.构件的类型 过梁\r\n3.混凝土强度等级  \r\n4.砂浆强度等级","M","20.7","56.47",{"v":1168.9289999999999,"d":"1168.93"}]
["7","011210006001",null,"科技馆钢结构基层阻燃板饰面基层\r\n弧形饰面基层","1.骨架、边框材料种类、规格  镀锌钢材\r\n2.隔板材料品种、规格、颜色阻燃板  弧形门洞\r\n3.嵌缝、塞口材料品种 \r\n4.展开面积计算","m2","170.04","110.02",{"v":18707.800799999997,"d":"18707.80"}]
["8","011210006002",null,"科技馆钢结构基层木工板板弧形梁","1.骨架、边框材料种类、规格  镀锌钢材\r\n2.隔板材料品种、规格、颜色 阻燃板  弧形门洞\r\n3.嵌缝、塞口材料品种 \r\n4.展开面积计算","m","7.2","119.64",{"v":861.408,"d":"861.41"}]
["9","011208001181",null,"餐厅1钢结构12mm阻燃板隔墙","1.龙骨材料种类、规格、中距 \r\n2.隔离层材料种类 \r\n3.基层材料种类、规格 \r\n4.面层材料品种、规格、颜色 \r\n5.压条材料种类、规格","m2","130.35",110.02,{"v":14341.106999999998,"d":"14341.11"}]
["10","010401012001",null,"新建地台等","1.零星砌砖名称、部位 红砖砌体\r\n2.砖品种、规格、强度等级 \r\n3.砂浆强度等级、配合比","m3","1.92",92.95,{"v":178.464,"d":"178.46"}]
["11","010904002001",null,"墙地面JS防水","1.JS防水涂料1.5mm厚，四周返上墙面高出完成面200mm，门洞处向外延伸500mm，门洞两侧延展200mm，地漏及管道周边周聚氨酯防水涂料嵌缝，防水返坎（门洞处止水坎）制作及安装\n2.具体作法详招标图纸、相关规范、招标文件及招标技术要求","m2","498.48","16.02",{"v":7985.6496,"d":"7985.65"}]
["12","011101006001",null,"防水保护层","1.1:3水泥砂浆保护层20mm厚，门洞处向外延伸500mm，门洞两侧延展200mm,墙地面阴角用水泥砂浆作R15转角\r\n2.具体作法详招标图纸、相关规范、招标文件及招标技术要求                          \r\n3.计算规则：按设计图示尺寸以面积计算","m2","1","15.52",15.52]
["13","010103001001",null,"炉渣回填","1.炉渣回填，并找坡1%向地漏         \r\n2.具体作法详招标图纸、相关规范、技术要求","m3","49.8",{"v":69,"d":"69.00"},{"v":3436.2,"d":"3436.20"}]
["14","011101006001",null,"炉渣回填后找平层","1.1:3水泥砂浆保护层20mm厚，门洞处向外延伸500mm，门洞两侧延展200mm,墙地面阴角用水泥砂浆作R15转角\r\n2.具体作法详招标图纸、相关规范、招标文件及招标技术要求                          \r\n3.计算规则：按设计图示尺寸以面积计算","m2","166","13.19",2189.54]
[" "," ",null,"地面工程 ",null," "," "," "]
["15","011102003001",null,"CT-01 800*800地砖粘贴","1.找平层厚度、砂浆配合比 10mm\r\n2.结合层厚度、砂浆配合比 10mm\r\n3.面层材料品种、规格、颜色 CT-01 800*800地砖 甲供\r\n4.嵌缝材料种类 勾缝\r\n5.防护层材料种类 \r\n6.酸洗、打蜡要求","m2","244.94","61.20",{"v":14990.328000000001,"d":"14990.33"}]
["16","011102003001",null,"CT-10 900*1800地砖粘贴","1.找平层厚度、砂浆配合比 10mm\r\n2.结合层厚度、砂浆配合比 10mm\r\n3.面层材料品种、规格、颜色 CT-01 800*800地砖 甲供\r\n4.嵌缝材料种类 勾缝\r\n5.防护层材料种类 \r\n6.酸洗、打蜡要求","m2","674.72","97.52",{"v":65798.6944,"d":"65798.69"}]
["18","011102003003",null,"CT-07 800*800水磨石地砖粘贴","1.找平层厚度、砂浆配合比 10mm\n2.结合层厚度、砂浆配合比 10mm\n3.面层材料品种、规格、颜色 CT-07 800*800水磨石地砖粘贴\n4.嵌缝材料种类 勾缝\n5.防护层材料种类 \n6.酸洗、打蜡要求","m2","110.36","61.20",{"v":6754.032,"d":"6754.03"}]
["19","011102003004",null,"CT-05 800*800地砖粘贴","1.找平层厚度、砂浆配合比 10mm\r\n2.结合层厚度、砂浆配合比 10mm\r\n3.面层材料品种、规格、颜色CT-05 800*800地砖粘贴\r\n4.嵌缝材料种类 勾缝\r\n5.防护层材料种类 \r\n6.酸洗、打蜡要求","m2","92.39","61.20",{"v":5654.268,"d":"5654.27"}]
["20","011102003005",null,"CT-08 300*300地砖粘贴","1.找平层厚度、砂浆配合比 10mm\r\n2.结合层厚度、砂浆配合比 10mm\r\n3.面层材料品种、规格、颜色 CT-08 300*300地砖\r\n4.嵌缝材料种类 勾缝\r\n5.防护层材料种类 \r\n6.酸洗、打蜡要求","m2","102.5","57.14",5856.85]
["21","011102003006",null,"CT-03 300*300地砖粘贴","1.找平层厚度、砂浆配合比 10mm\r\n2.结合层厚度、砂浆配合比 10mm\r\n3.面层材料品种、规格、颜色 300*300地砖\r\n4.嵌缝材料种类 勾缝\r\n5.防护层材料种类 \r\n6.酸洗、打蜡要求","m2","27","57.14",1542.78]
["22","011108001001",null,"ST-03石材门槛石粘贴","1.工程部位 \r\n2.找平层厚度、砂浆配合比 20mm\r\n3.贴结合层厚度、材料种类 \r\n4.面层材料品种、规格、颜色 ST-03石材门槛石粘贴\r\n5.勾缝材料种类 勾缝\r\n6.防护材料种类 \r\n7.酸洗、打蜡要求","m2","4.5","99.53",{"v":447.885,"d":"447.89"}]
["23","011108001002",null,"ST-03弧形石材门槛石粘贴","1.工程部位 \r\n2.找平层厚度、砂浆配合比 20mm\r\n3.贴结合层厚度、材料种类 \r\n4.面层材料品种、规格、颜色 ST-03弧形石材门槛石\r\n5.勾缝材料种类 勾缝\r\n6.防护材料种类 \r\n7.酸洗、打蜡要求","m2","1.8","99.53",{"v":179.154,"d":"179.15"}]
["24","011108001003",null,"ST-01圆形白色石材边带","1.工程部位 \r\n2.找平层厚度、砂浆配合比 20mm\r\n3.贴结合层厚度、材料种类 \r\n4.面层材料品种、规格、颜色 ST-01圆形白色石材边带\r\n5.勾缝材料种类 勾缝\r\n6.防护材料种类 \r\n7.酸洗、打蜡要求","m","21.98","8.96",{"v":196.94080000000002,"d":"196.94"}]
[" "," ",null,"顶面工程 ",null," "," "," "]
[25,"011302001002",null,"AL-02硅钙板吊顶","1.吊顶形式、吊杆规格、高度 \r\n2.龙骨材料种类、规格、中距 轻钢龙骨 C型轻钢龙骨\r\n3.基层材料种类、规格 \r\n4.面层材料品种、规格、AL-02硅钙板吊顶\r\n5.压条材料种类、规格 \r\n6.嵌缝材料种类 \r\n7.防护材料种类","m2","64.2",63.75,4092.75]
[26,"010810002001",null,"窗帘盒","1.窗帘盒材质、规格 轻钢龙骨 12mm阻燃板+石膏板直窗帘盒\r\n2.防护材料种类","m","23.49","33.24",{"v":780.8076,"d":"780.81"}]
[27,"011302001003",null,"熊猫文创区PT-01环形不锈钢吊顶(不锈钢甲分包)","1.吊顶形式、吊杆规格、高度 \r\n2.龙骨材料种类、规格、中距 轻钢龙骨 C型轻钢龙骨\r\n3.基层材料种类、规格 12mm阻燃板\r\n4.面层材料品种、规格、PT-01环形不锈钢吊顶\r\n5.压条材料种类、规格 \r\n6.嵌缝材料种类   \r\n计算方式：展开面积计算","m2","13.69",67.73,{"v":927.2237,"d":"927.22"}]
[28,"011304001001",null,"熊猫文创区环形灯带","1.灯带型式、尺寸 \n2.格栅片材料品种、规格  弧形 拱形灯带\n3.安装固定方式","m","13.69","31.98",{"v":437.8062,"d":"437.81"}]
[29,"011302001178",null,"熊猫文创区拱形石膏板吊顶","1.吊顶形式、吊杆规格、高度 拱形  展开面积计算\r\n2.龙骨材料种类、规格、中距 轻钢龙骨\r\n3.基层材料种类、规格 12mm阻燃板\r\n4.面层材料品种、规格、 9.5mm石膏板\r\n5.压条材料种类、规格 \r\n6.嵌缝材料种类 \r\n7.防护材料种类\r\n计算方式：展开面积计算","m2","48.14",140.89,{"v":6782.4446,"d":"6782.44"}]
[30,"011404005179",null,"PT-01白色防水艺术漆（含主材）","1.腻子种类 \r\n2.刮腻子遍数 \r\n3.防护材料种类 \r\n4.油漆品种、刷漆遍数","m2","2990","120.00",{"v":358800,"d":"358800.00"}]
[31,"011302001004",null,"接待厅环形灯膜基层(不含灯膜及安装)","1.吊顶形式、吊杆规格、高度 \r\n2.龙骨材料种类、规格、中距 轻钢龙骨 C型轻钢龙骨\r\n3.基层材料种类、规格 \r\n4.面层材料品种、规格、环形灯膜\r\n5.压条材料种类、规格 \r\n6.嵌缝材料种类 \r\n7.防护材料种类","m2","22.22",96.83,{"v":2151.5625999999997,"d":"2151.56"}]
[32,"011302001178",null,"接待区电梯区水吧区拱形石膏板吊顶及墙面","1.吊顶形式、吊杆规格、高度 拱形  展开面积计算\r\n2.龙骨材料种类、规格、中距 轻钢龙骨\r\n3.基层材料种类、规格 12mm阻燃板\r\n4.面层材料品种、规格、 9.5mm石膏板\r\n5.压条材料种类、规格 \r\n6.嵌缝材料种类 \r\n7.防护材料种类\r\n计算方式：展开面积计算","m2","590.66","140.89",{"v":83218.08739999999,"d":"83218.09"}]
[33,"011302001004",null,"展示区环形灯膜(不含灯膜及安装)","1.吊顶形式、吊杆规格、高度 \r\n2.龙骨材料种类、规格、中距 轻钢龙骨 C型轻钢龙骨\r\n3.基层材料种类、规格 \r\n4.面层材料品种、规格、环形灯膜\r\n5.压条材料种类、规格 \r\n6.嵌缝材料种类 \r\n7.防护材料种类","m2","11.34",96.83,{"v":1098.0521999999999,"d":"1098.05"}]
[34,"011302001178",null,"熊猫展示区拱形石膏板吊顶","1.吊顶形式、吊杆规格、高度 拱形  展开面积计算\r\n2.龙骨材料种类、规格、中距 轻钢龙骨\r\n3.基层材料种类、规格 12mm阻燃板\r\n4.面层材料品种、规格、 9.5mm石膏板\r\n5.压条材料种类、规格 \r\n6.嵌缝材料种类 \r\n7.防护材料种类\r\n计算方式：展开面积计算","m2","87.41",140.89,{"v":12315.194899999999,"d":"12315.19"}]
[35,"011302001182",null,"过道5过道4造型吊顶","1.吊顶形式、吊杆规格、高度 \r\n2.龙骨材料种类、规格、中距 \r\n3.基层材料种类、规格 \r\n4.面层材料品种、规格、 \r\n5.压条材料种类、规格 \r\n6.嵌缝材料种类 \r\n7.防护材料种类\r\n计算方式：展开面积计算","m2","102.25","63.75",{"v":6518.4375,"d":"6518.44"}]
[36,"011302001182",null,"餐厅1.2过道3茶水休息区造型","1.吊顶形式、吊杆规格、高度 \r\n2.龙骨材料种类、规格、中距 \r\n3.基层材料种类、规格 \r\n4.面层材料品种、规格、 \r\n5.压条材料种类、规格 \r\n6.嵌缝材料种类 \r\n7.防护材料种类","m2","375.08","63.75",23911.35]
[37,"011302001183",null,"多功能室弧形造型吊顶","1.吊顶形式、吊杆规格、高度 \r\n2.龙骨材料种类、规格、中距 \r\n3.基层材料种类、规格 \r\n4.面层材料品种、规格、 \r\n5.压条材料种类、规格 \r\n6.嵌缝材料种类 \r\n7.防护材料种类","m2","83.68",63.75,{"v":5334.6,"d":"5334.60"}]
[38,"011208001001",null,"科教区环形钢梁假梁 600*200mm 03/DT-08","1.龙骨材料种类、规格、中距 40*40角钢\r\n2.隔离层材料种类 12mm阻燃板\r\n3.基层材料种类、规格 \r\n4.面层材料品种、规格、颜色 9.5mm石膏板\r\n5.压条材料种类、规格","m",7,304.55,2131.85]
[39,"011302001006",null,"款洗间圆形吊顶D4/DTA-07","1.吊顶形式、吊杆规格、高度 拱形\r\n2.龙骨材料种类、规格、中距 轻钢龙骨木龙骨\r\n3.基层材料种类、规格 12mm阻燃板\r\n4.面层材料品种、规格、 9.5mm石膏板\r\n5.计算方式：展开面积计算","m2","18.09","84.88",{"v":1535.4792,"d":"1535.48"}]
[40,"011302001182",null,"卫生间防水石膏板造型吊顶","1.吊顶形式、吊杆规格、高度 \r\n2.龙骨材料种类、规格、中距 \r\n3.基层材料种类、规格 \r\n4.面层材料品种、规格、 \r\n5.压条材料种类、规格 \r\n6.嵌缝材料种类 \r\n7.防护材料种类","m2","39.05",63.75,{"v":2489.4375,"d":"2489.44"}]
[" "," ",null,"墙面工程 ",null," "," "," "]
[41,"011204003001",null,"厨房区域300*600墙砖(主材甲供)","1.墙体类型 \r\n2.安装方式 \r\n3.面层材料品种、规格、颜色 300*600墙砖\r\n4.缝宽、嵌缝材料种类 勾缝\r\n5.防护材料种类 \r\n6.磨光、酸洗、打蜡要求","m2","360.42",57.16,{"v":20601.6072,"d":"20601.61"}]
[42,"010809004001",null,"ST-04石材窗台板","1.粘结层厚度、砂浆配合比 专用粘接剂\r\n2.窗台板材质、规格、颜色包间ST-06石材窗台板","M","39.25","18.35",{"v":720.2375000000001,"d":"720.24"}]
[43,"011207001001",null,"包间MT-08波浪不锈钢饰面02/DT-13(主材甲分包)","1.龙骨材料种类、规格、中距 轻钢龙骨\r\n2.隔离层材料种类、规格 9mm阻燃板\r\n3.基层材料种类、规格 MT-08波浪不锈钢饰面\r\n4.面层材料品种、规格、颜色 \r\n5.压条材料种类、规格","m2","24.64","65.94",{"v":1624.7616,"d":"1624.76"}]
[44,"011208001006",null,"包间轻钢龙骨石膏板饰面","1.龙骨材料种类、规格、中距 75型轻钢龙骨\r\n2.隔离层材料种类 \r\n3.基层材料种类、规格 12mm阻燃板\r\n4.面层材料品种、规格、颜色 9.5mm石膏板\r\n5.压条材料种类、规格","m2","9.14",63.75,{"v":582.6750000000001,"d":"582.68"}]
[45,"011207001001",null,"过道3彩色不锈钢饰面(主材甲分包)","1.龙骨材料种类、规格、中距 轻钢龙骨\r\n2.隔离层材料种类、规格12mm阻燃板\r\n3.基层材料种类、规格 餐厅2波浪板\r\n4.面层材料品种、规格、颜色 \r\n5.压条材料种类、规格","m2","6.4","65.94",{"v":422.016,"d":"422.02"}]
[46,"011208001185",null,"柱（梁）面装饰","1.龙骨材料种类、规格、中距 \r\n2.隔离层材料种类 \r\n3.基层材料种类、规格 \r\n4.面层材料品种、规格、颜色 \r\n5.压条材料种类、规格","m2","5.6",63.75,{"v":357,"d":"357.00"}]
[47,"011207001001",null,"餐厅2波浪板饰面(主材甲分包)","1.龙骨材料种类、规格、中距 轻钢龙骨\r\n2.隔离层材料种类、规格12mm阻燃板\r\n3.基层材料种类、规格 餐厅2波浪板\r\n4.面层材料品种、规格、颜色 \r\n5.压条材料种类、规格","m2","9.57","65.94",{"v":631.0458,"d":"631.05"}]
[48,"011502001187",null,"餐厅2波浪板饰面10mm不锈钢线条（不锈钢甲分包）","1.基层类型 \r\n2.线条材料品种、规格、颜色 \r\n3.防护材料种类","m","9.57","11.03",{"v":105.55709999999999,"d":"105.56"}]
[49,"011501015001",null,"餐厅1、2布菲台（无节点图）(面材甲供甲分包)","1.台柜规格  平面投影面积计算\r\n2.材料种类、规格 \r\n3.五金种类、规格 \r\n4.防护材料种类 \r\n5.油漆品种、刷漆遍数","m2","16.97",{"v":512,"d":"512.00"},8688.64]
[50,"011501015001",null,"餐厅1餐台（无节点图）(面材甲供甲分包)","1.台柜规格  平面投影面积计算\r\n2.材料种类、规格 \r\n3.五金种类、规格 \r\n4.防护材料种类 \r\n5.油漆品种、刷漆遍数","m2","3.15",{"v":521,"d":"521.00"},{"v":1641.1499999999999,"d":"1641.15"}]
[51,"010807006001",null,"餐厅传菜窗口（无节点图）","1.窗代号 \r\n2.框外围展开面积 餐厅传菜窗口\r\n3.框、扇材质 \r\n4.玻璃品种、厚度 \r\n5.防护材料种类","m2","1.96","59.61",{"v":116.8356,"d":"116.84"}]
[52,"011207001004",null,"多功能厅WD-01木饰面","1.龙骨材料种类、规格、中距 \r\n2.隔离层材料种类、规格 \r\n3.基层材料种类、规格 \r\n4.面层材料品种、规格、颜色 \r\n5.压条材料种类、规格","m2","58.92","64.02",{"v":3772.0584,"d":"3772.06"}]
[53,"011207001005",null,"多功能厅WD-01木饰面包圆柱","1.龙骨材料种类、规格、中距 \r\n2.隔离层材料种类、规格 \r\n3.基层材料种类、规格 \r\n4.面层材料品种、规格、颜色 \r\n5.压条材料种类、规格","m2","1.71","125.81",{"v":215.1351,"d":"215.14"}]
[54,"011502001001",null,"多功能厅MT-04不锈钢线条10mm\r\nm（线条甲分包）","1.基层类型 \r\n2.线条材料品种、规格、颜色 MT-04不锈钢线条\r\n3.防护材料种类","m","20.4","11.03",{"v":225.01199999999997,"d":"225.01"}]
[55,"011207001006",null,"多功能厅LED显示屏幕钢结构基层（无图必做）","1.龙骨材料种类、规格、中距 型钢结构\r\n2.隔离层材料种类、规格 \r\n3.基层材料种类、规格 12mm阻燃板\r\n4.面层材料品种、规格、颜色 \r\n5.压条材料种类、规格","m2","10.72",{"v":102,"d":"102.00"},1093.44]
[56,"011207001007",null,"多功能厅地台基层（无图必做）","1.龙骨材料种类、规格、中距 钢结构龙骨\r\n2.隔离层材料种类、规格 \r\n3.基层材料种类、规格 \r\n4.面层材料品种、规格、颜色 展开面积计算\r\n5.压条材料种类、规格","m2","28.15","92.95",{"v":2616.5425,"d":"2616.54"}]
[57,"011208001188",null,"多功能厅舞台隔墙","1.龙骨材料种类、规格、中距 \r\n2.隔离层材料种类 \r\n3.基层材料种类、规格 \r\n4.面层材料品种、规格、颜色 \r\n5.压条材料种类、规格","m2","8.93",63.75,{"v":569.2875,"d":"569.29"}]
[58,"011406001003",null,"PT-01乳胶漆","1.基层类型 \r\n2.腻子种类 腻子\r\n3.刮腻子遍数 \r\n4.防护材料种类 \r\n5.油漆品种、刷漆遍数 PT-01乳胶漆两遍\r\n6.部位","m2","33.53","26.89",{"v":901.6217,"d":"901.62"}]
[59,"011207001008",null,"多功能厅乳胶漆石膏板基层","1.龙骨材料种类、规格、中距 木基层\r\n2.隔离层材料种类、规格 \r\n3.基层材料种类、规格 \r\n4.面层材料品种、规格、颜色 9.5mm石膏板\r\n5.压条材料种类、规格","m2","19.6",63.75,{"v":1249.5,"d":"1249.50"}]
[60,"011406001004",null,"茶水间PT-01乳胶漆","1.基层类型 \r\n2.腻子种类 腻子\r\n3.刮腻子遍数 \r\n4.防护材料种类 \r\n5.油漆品种、刷漆遍数 防水乳胶漆\r\n6.部位","m2","76.55","26.88",{"v":2057.6639999999998,"d":"2057.66"}]
[61,"011204003002",null,"洗手区CT-02小条砖粘贴(瓷砖甲供)","1.墙体类型 \r\n2.安装方式 粘接剂粘贴\r\n3.面层材料品种、规格、颜色 CT-02小条砖粘贴\r\n4.缝宽、嵌缝材料种类  勾缝\r\n5.防护材料种类 \r\n6.磨光、酸洗、打蜡要求","m2","46.93","95.61",{"v":4486.9773,"d":"4486.98"}]
[62,"011105006003",null,"洗手区不锈钢弧形收边条30*30mm","1.踢脚线高度 \r\n2.基层材料种类、规格 \r\n3.面层材料品种、规格、颜色不锈钢收边条30*30mm","m","26.6","12.81",{"v":340.74600000000004,"d":"340.75"}]
[63,"010808004003",null,"洗手区不锈钢弧形门套","1.窗代号及洞口尺寸 \r\n2.门窗套展开宽度 \r\n3.基层材料种类 \r\n4.面层材料品种、规格 \r\n5.防护材料种类","m2","8.06","119.03",{"v":959.3818000000001,"d":"959.38"}]
[64,"011505008001",null,"洗手区崁入式垃圾箱卫生间纸盒(甲供)","1.材料品种、规格、品牌、颜色 三合一垃圾箱纸盒\r\n2.支架、配件品种、规格、品牌","个","1","24.09",24.09]
[65,"011204003003",null,"卫生间 CT-04 300*600墙砖（甲供）","1.墙体类型 \r\n2.安装方式  水泥砂浆粘贴\r\n3.面层材料品种、规格、颜色 CT-04 300*600墙砖\r\n4.缝宽、嵌缝材料种类 勾缝\r\n5.防护材料种类 \r\n6.磨光、酸洗、打蜡要求","m2","42.95",{"v":61,"d":"61.00"},{"v":2619.9500000000003,"d":"2619.95"}]
[66,"011406001003",null,"卫生间防潮PT-01乳胶漆","1.基层类型 \r\n2.腻子种类 腻子\r\n3.刮腻子遍数 \r\n4.防护材料种类 \r\n5.油漆品种、刷漆遍数 PT-01乳胶漆两遍\r\n6.部位","m2","112.5","26.89",{"v":3025.125,"d":"3025.13"}]
[67,"011207001009",null,"教科馆钢结构包圆柱 02/DT17","1.龙骨材料种类、规格、中距 型钢结构 \r\n2.隔离层材料种类、规格 \r\n3.基层材料种类、规格 9mm阻燃板\r\n4.面层材料品种、规格、颜色 9.5mm石膏板\r\n5.压条材料种类、规格","m2","38.43",125.81,{"v":4834.8783,"d":"4834.88"}]
[68,"011207001010",null,"教科馆弧形MT-05不锈钢饰面(饰面材料甲分包)","1.龙骨材料种类、规格、中距 多层钢结构龙骨\r\n2.隔离层材料种类、规格 \r\n3.基层材料种类、规格 4层9mm阻燃板\r\n4.面层材料品种、规格、颜色弧形 MT-05不锈钢饰面\r\n5.压条材料种类、规格","m2","10.16",84.88,{"v":862.3808,"d":"862.38"}]
[69,"010808004005",null,"电梯厅拱形和弧形MT-06玫瑰金不锈钢弧形门套(饰面材料甲分包)","1.龙骨材料种类、规格、中距 木\r\n2.隔离层材料种类、规格 \r\n3.基层材料种类、规格 12mm阻燃板\r\n4.面层材料品种、规格、颜色 MT-06玫瑰金不锈钢弧形\r\n5.压条材料种类、规格\r\n6.展开面积计算","m2","21.78","140.89",{"v":3068.5842,"d":"3068.58"}]
[71,"011207001011",null,"文创区拱形木基层01/DT-07","1.龙骨材料种类、规格、中距 钢矩管龙骨双层\r\n2.隔离层材料种类、规格 \r\n3.基层材料种类、规格 12mm阻燃板\r\n4.面层材料品种、规格、颜色 9.5mm石膏板  展开面积计算\r\n5.压条材料种类、规格\r\n6.展开面积计算","m2","9.04",140.48,{"v":1269.9391999999998,"d":"1269.94"}]
[72,"011501018014",null,"文创区WD-03订制挑板01/EL-07（含订制及安装)","1.台柜规格 300MM宽\r\n2.材料种类、规格 WD-03订制货架01/EL-07\r\n3.五金种类、规格 \r\n4.防护材料种类 \r\n5.油漆品种、刷漆遍数","m","18.22",{"v":95,"d":"95.00"},{"v":1730.8999999999999,"d":"1730.90"}]
[73,"011207001010",null,"文创区弧形MT-03不锈钢饰面（甲分包)","1.龙骨材料种类、规格、中距  木龙骨\r\n2.隔离层材料种类、规格 \r\n3.基层材料种类、规格 12m阻燃板\r\n4.面层材料品种、规格、颜色弧形 MT-03不锈钢饰面\r\n5.压条材料种类、规格","m2","1.2","131.40",157.68]
[74,"011302001024",null,"文创区订制玻璃钢熊猫卧板造型（无节点图）02/EL-11","1.吊顶形式、吊杆规格、高度 2800mm\r\n2.龙骨材料种类、规格、中距 钢结构龙骨\r\n3.基层材料种类、规格 \r\n4.面层材料品种、规格、 \r\n5.压条材料种类、规格 \r\n6.嵌缝材料种类 \r\n7.防护材料种类","m2","17.16","223.13",{"v":3828.9108,"d":"3828.91"}]
[75,"011207001010",null,"接待厅MR-04黑色透光艺术玻璃饰背景墙（无节点图）主材甲供","1.龙骨材料种类、规格、中距  木龙骨\r\n2.隔离层材料种类、规格 \r\n3.基层材料种类、规格 12m阻燃板\r\n4.面层材料品种、规格、颜色  MR-04黑色透光艺术玻璃\r\n5.压条材料种类、规格","m2","28.14",63.75,{"v":1793.925,"d":"1793.93"}]
[76,"011207001020",null,"休闲区MT-03半圆形彩色不锈钢饰面（不锈钢甲分包）","1.龙骨材料种类、规格、中距 木龙骨\r\n2.隔离层材料种类、规格 \r\n3.基层材料种类、规格 12mm木基层\r\n4.面层材料品种、规格、颜色 MT-03半圆形彩色不锈钢饰面\r\n5.压条材料种类、规格","m2","8.36","85.70",{"v":716.452,"d":"716.45"}]
[77,"011207001020",null,"休闲区MT-04半环形不锈钢饰面","1.龙骨材料种类、规格、中距 木龙骨\r\n2.隔离层材料种类、规格 \r\n3.基层材料种类、规格 12mm木基层\r\n4.面层材料品种、规格、颜色 MT-04半环形不锈钢饰面\r\n5.压条材料种类、规格","m2","3.77","85.72",{"v":323.1644,"d":"323.16"}]
[78,"011210001021",null,"休闲区环形沙发背景WD-03环形隔断01/DT-03","1.骨架、边框材料种类、规格 双层型钢钢架\r\n2.隔板材料品种、规格、颜色 WD-03环形隔断\r\n3.嵌缝、塞口材料品种\r\n4.压条材料种类","m2","7.54",{"v":280,"d":"280.00"},{"v":2111.2,"d":"2111.20"}]
[79,"011501020017",null,"休闲区水吧台WD-03环形形服务台","1.台柜规格 高800mm\r\n2.材料种类、规格 WD-03订制柜体\r\n3.五金种类、规格 型钢结构龙骨\r\n4.防护材料种类 \r\n5.油漆品种、刷漆遍数\r\n6.中心线长度计算","m","9.04",{"v":452,"d":"452.00"},{"v":4086.0799999999995,"d":"4086.08"}]
[80,"011207001020",null,"休闲区MT-04半月牙形不锈钢饰面01/EL-14","1.龙骨材料种类、规格、中距 木龙骨\r\n2.隔离层材料种类、规格 \r\n3.基层材料种类、规格 12mm木基层\r\n4.面层材料品种、规格、颜色 MT-04半月牙形不锈钢饰面\r\n5.压条材料种类、规格","m2","4.18","96.83",{"v":404.7494,"d":"404.75"}]
[81,"011501008025",null,"休闲区WD-03白色油漆崁入式壁柜01/EL-14（含壁柜）","1.台柜规格 800*2470mm\r\n2.材料种类、规格 休闲区WD-03白色油漆崁入式壁柜\r\n3.五金种类、规格 \r\n4.防护材料种类 \r\n5.油漆品种、刷漆遍数","m2","1",{"v":580,"d":"580.00"},{"v":580,"d":"580.00"}]
[" "," ",null,"安装部分 ",null," "," "," "]
[82,"030411004001",null,"强电、给水、排水安装项目","1.名称：强电、给水、排水安装项目\n2.型号规格：详设计及物料表\n3.其他：详设计，满足设计、施工及验收规范要求；\n4.其他要求：满足相关标准图集、规范、设计及验收要求等","m2",1500,{"v":65,"d":"65.00"},{"v":97500,"d":"97500.00"}]
[85,"030404034001",null,"开关（含品牌主材）","1.名称：2.型号规格：详设计及物料表\n3.暗装,因面板避免与跨石材、墙砖缝接线盒调整安装\n4.其他：详设计，满足设计、施工及验收规范要求；\n5.其他要求：满足相关标准图集、规范、设计及验收要求等","个","13",{"v":20,"d":"20.00"},{"v":260,"d":"260.00"}]
[86,"030404035001",null,"插座（含品牌主材）","1.名称： \r\n2.型号规格：详设计及物料表\r\n3.暗装,因面板避免与跨石材、墙砖缝接线盒调整安装\r\n4.其他：详设计，满足设计、施工及验收规范要求；\r\n5.其他要求：满足相关标准图集、规范、设计及验收要求等","个","1",{"v":20,"d":"20.00"},{"v":20,"d":"20.00"}]
[87,"030404035002",null,"地插座（含品牌主材）","1.名称：地插座\r\n2.型号规格：详设计及物料表\r\n3.暗装,因面板避免与跨石材、墙砖缝接线盒调整安装\r\n4.其他：详设计，满足设计、施工及验收规范要求；\r\n5.其他要求：满足相关标准图集、规范、设计及验收要求等","个","1",{"v":80,"d":"80.00"},{"v":80,"d":"80.00"}]
[88,"030404035003",null,"空调插座（含品牌主材）","1.名称：空调插座\r\n2.型号规格：详设计及物料表\r\n3.暗装,因面板避免与跨石材、墙砖缝接线盒调整安装\r\n4.其他：详设计，满足设计、施工及验收规范要求；\r\n5.其他要求：满足相关标准图集、规范、设计及验收要求等","个","94",{"v":20,"d":"20.00"},{"v":1880,"d":"1880.00"}]
[89,"030404035004",null,"五孔防溅插座（含品牌主材）","1.名称：五孔防溅插座\r\n2.型号规格：详设计及物料表\r\n3.暗装,因面板避免与跨石材、墙砖缝接线盒调整安装\r\n4.其他：详设计，满足设计、施工及验收规范要求；\r\n5.其他要求：满足相关标准图集、规范、设计及验收要求等","个","8",{"v":25,"d":"25.00"},{"v":200,"d":"200.00"}]
[90,"030412004001",null,"吸顶灯（不含主材）","1.名称：吸顶灯\r\n2.型号规格：详设计及物料表\r\n3.安装形式：安装方式综合考虑\r\n4.接线盒、光源、金属软管、灯具电源线、等相关配件与灯具成套考虑在灯具材料报价中\r\n5.包含接线（含烫锡）、试亮工作内容并附有试亮记录\r\n6.其他要求：满足相关标准图集、规范、设计及验收要求等","套","9","15.02",135.18]
[91,"030412004003",null,"筒灯（不含主材）","1.名称：筒灯\r\n2.型号规格：详设计及物料表\r\n3.安装形式：安装方式综合考虑\r\n4.接线盒、光源、金属软管、灯具电源线、等相关配件与灯具成套考虑在灯具材料报价中\r\n5.包含接线（含烫锡）、试亮工作内容并附有试亮记录\r\n6.其他要求：满足相关标准图集、规范、设计及验收要求等","套","51",{"v":7,"d":"7.00"},{"v":357,"d":"357.00"}]
[92,"030412004003",null,"内嵌射灯（不含主材）","1.名称：筒灯\r\n2.型号规格：详设计及物料表\r\n3.安装形式：安装方式综合考虑\r\n4.接线盒、光源、金属软管、灯具电源线、等相关配件与灯具成套考虑在灯具材料报价中\r\n5.包含接线（含烫锡）、试亮工作内容并附有试亮记录\r\n6.其他要求：满足相关标准图集、规范、设计及验收要求等","套","222",{"v":7,"d":"7.00"},{"v":1554,"d":"1554.00"}]
[93,"030412004004",null,"LED低压灯带（不含主材）","1.名称：LED低压套管软灯带\r\n2.型号规格：详设计及物料表\r\n3.安装形式：详图 ，含灯具的所有配件如接头电源等\r\n4.接线盒、光源、金属软管、灯具电源线、等相关配件与灯具成套考虑在灯具材料报价中\r\n5.包含接线（含烫锡）、试亮工作内容并附有试亮记录\r\n6.其他要求：满足相关标准图集、规范、设计及验收要求等","米","468",{"v":20,"d":"20.00"},{"v":9360,"d":"9360.00"}]
[94,"031004006001",null,"蹲便器（不含主材）","1.名称:蹲便器\r\n2.材质：陶瓷\r\n3.型号规格：详设计及物料表\r\n4.组装方式：符合设计和规范要求\r\n5.配件：含所有配件的安装（水箱、角阀、软管等）\r\n6.预留孔洞、修补\r\n7.上下水管连接及调试\r\n8.样式质量标准符合材料表要求","组","5",{"v":50,"d":"50.00"},{"v":250,"d":"250.00"}]
[95,"030412004006",null,"科教馆LED型材灯带宽度80mm（不含主材）","1.名称：LED低压套管软灯带\r\n2.型号规格：详设计及物料表\r\n3.安装形式：详图 ，含灯具的所有配件如接头电源等\r\n4.接线盒、光源、金属软管、灯具电源线、等相关配件与灯具成套考虑在灯具材料报价中\r\n5.包含接线（含烫锡）、试亮工作内容并附有试亮记录\r\n6.其他要求：满足相关标准图集、规范、设计及验收要求等","米","5.64","33.56",{"v":189.2784,"d":"189.28"}]
[96,"030412004005",null,"科教馆LED型材灯带宽度20mm（不含主材）","1.名称：LED低压套管软灯带\r\n2.型号规格：详设计及物料表\r\n3.安装形式：详图 ，含灯具的所有配件如接头电源等\r\n4.接线盒、光源、金属软管、灯具电源线、等相关配件与灯具成套考虑在灯具材料报价中\r\n5.包含接线（含烫锡）、试亮工作内容并附有试亮记录\r\n6.其他要求：满足相关标准图集、规范、设计及验收要求等","米","13.55","33.56",{"v":454.73800000000006,"d":"454.74"}]
[" "," ",null,"分部小计 ",null," "," "," "]
[105,"011406001189",null,"石材晶面","1.基层类型 \r\n2.腻子种类 \r\n3.刮腻子遍数 \r\n4.防护材料种类 \r\n5.油漆品种、刷漆遍数 \r\n6.部位","m2",1,"60.00",{"v":60,"d":"60.00"}]
[106,"011406001190",null,"瓷砖美缝","1.基层类型 \r\n2.腻子种类 \r\n3.刮腻子遍数 \r\n4.防护材料种类 \r\n5.油漆品种、刷漆遍数 \r\n6.部位","m2",1986,{"v":25,"d":"25.00"},{"v":49650,"d":"49650.00"}]
[107,null,null,"材料二次及多次搬运","人工转运，含施工主材辅材的二次准运费。","m2",1500,{"v":13.2,"d":"13.20"},{"v":19800,"d":"19800.00"}]
[108,null,null,"成品保护费","地砖及其他成品保护，含材料费用","m2",1500,{"v":8,"d":"8.00"},{"v":12000,"d":"12000.00"}]
[109,null,null,"保洁费","1、人工费\n2、含日常施工卫生清理费及完工的2次保洁","m2",1500,{"v":12,"d":"12.00"},{"v":18000,"d":"18000.00"}]
[{"$nulls":4},"不含税合计",{"$nulls":3},{"v":1013974.3143999997,"d":"1013974.31"}]
[{"$nulls":4},"税额（税率：  %）"]
[{"$nulls":4},"含税合计"]
["注：\n    1、安全事宜由乙方自行解决。\n    2、不提供食宿。\n    3、所有安装、机具、机械、涉及辅材材料（主要且不限于踢打、耐候密封胶、不锈钢盘头自攻钉、三级配电箱、防水电缆等除主材外所有辅材）、电器（主要且不限于切割机、打磨机、喷漆设备、电焊机、氩弧焊机、电锤、冲击钻等所有涉及完成任务是用的电器设备）均由乙方自行提供。\n    4、结算方式按实际收方工程量结算。\n    5、配合甲方进行安全文明施工、按公司质量安全文明文件执行。\n    6、以上所有工程均按实计量。按照设计图纸和现场收方单作为结算依据。\n    7、抢工期和加班提供盒饭等由乙方自行负责。\n    8、根据施工质量、进度等情况，公司有权解除合同。\n    9、甲方负责主材、水、电。乙方负责包含但不限于成品保护、材料下车、堆码、二次转运、自拌砂浆、废料收集堆码、垃圾清运处理、踢打、安全防护、材料看护等。\n    10、零星技工260元/工日，普工均150元/工日。包含但不限于安全设施、安全措施、材料二次转运、废料、垃圾清运及处理、原有结构层踢打、修补等不单独计费。\n    11、质量要求：严格按施工图及相关规范实施，并达到验收标准。\n    12、保持场地卫生，工完场清。\n    13、由乙方原因造成返工的全部费用（包含但不限于材料、人工等）由乙方负责。        \n               \n\n                                                               报价人（签字盖章）：\n\n                                                               报价人联系电话："]

{"sheet":"Sheet2","index":1,"n_rows":0,"n_cols":0,"rows_kept":0,"flags":["formulas_cached_only"]}

{"sheet":"Sheet3","index":2,"n_rows":0,"n_cols":0,"rows_kept":0,"flags":["formulas_cached_only"]}